000 01305nam2a22002771 4500
001 v19\rc\1440476
005 20250618134019.0
035 _a(NLR Aleph) 004583826
090 _a2565448
_c2565448
100 _a20060620d1905 |||y0rusy50 ca
101 0 _arus
102 _aRU
105 _ay z |||||
200 1 _aна 1906 год и отчеты по денежным суммам Грязовецкой уездной земской управы за 1904 год
210 _d1905
_aБ. м.
215 _a[1], 79, 23 с.
461 0 _1001v19\rc\1440441
_12001#$aСметы и раскладки по Грязовецкому уездному земству...$vна 1906 год
_92564990
_aГрязовецкая уездная земская управа
_cВологда
_d1872-1916
_tСметы и раскладки по Грязовецкому уездному земству...
_vна 1906 год
517 0 _aОтчеты по денежным суммам Грязовецкой уездной земской управы за 1904 год
801 0 _aRU
_bNLR
_gpsbo
801 0 _aRU
_bRuMoRGB
_2psbo
801 1 _aRU
_bProSoft-M
_2rusmarc
852 _aNLR
_bЗем
_j7-3/С1
899 _aRuMoRGB (1874-1916*)
_jV 308/7
899 _aRuMoRGB (1874-1916*)
_jV 552/31
942 _cBOOK
980 _aNB